| 000 | 01187nam a2200241 a 4500 | ||
|---|---|---|---|
| 001 | 000026011 | ||
| 005 | 20250621074007.0 | ||
| 008 | 110225s1990 dr 000 0 spa d | ||
| 040 |
_aDO-SdBNP _bspa _cBNPHU |
||
| 082 |
_a320.97293 _bP965p |
||
| 110 | 2 |
_aMovimiento de Renovación (MODERNO) _952914 |
|
| 245 | 1 | 0 | _aPropuesta para el fortalecimiento de la institucionalidad democrática. |
| 260 |
_aSanto Domingo : _bEdiciones de MODERNO, _c1990. |
||
| 300 |
_a75 p. ; _c21 cm. |
||
| 490 | 1 |
_aPublicaciones Movimiento de Renovación _v1 |
|
| 505 | 0 |
_aIntroducción -- _tLa democracia como forma de vida -- _tDemocracia e instituciones públicas -- _tDemocracia e instituciones sociales -- _tDemocracia y partidos políticos -- _tDemocracia y mecanismos de delegación -- _tDefensa Nacional y seguridad ciudadana -- _tLa política exterior dominicana -- _tPolíticas específicas -- |
|
| 590 | _aInventariado, 2018/LP | ||
| 650 | 0 |
_aDemocracia _9286 |
|
| 651 | 0 |
_aRepública Dominicana _xPolítica y gobierno _945 |
|
| 651 | 4 |
_aRepública Dominicana _xRelaciones Exteriores _92258 |
|
| 830 | 0 |
_aPublicaciones Movimiento de Renovación ; _n1 _952915 |
|
| 910 | _aValidado. Control de calidad MFF | ||
| 999 |
_c25503 _d25503 |
||